| 000 | 00554nam a2200193 a 4500 | ||
|---|---|---|---|
| 005 | 20240418063819.0 | ||
| 008 | 140212s2012 mx r 000 0 spa d | ||
| 020 | _a9786071713025 | ||
| 035 | _aUPN01000195685 | ||
| 049 | _aCG | ||
| 050 | 4 |
_aLC1031 _bA3.6 |
|
| 100 | 1 |
_aAcosta Alamilla, Saúl _934960 |
|
| 245 | 1 | 0 |
_aPedagogía por competencias : _baprender a pensar / _cSaúl Acosta Alamilla. |
| 260 |
_aMéxico : _bTrillas, _cc2012. |
||
| 300 | _a108 p. | ||
| 650 | 4 |
_aEducación basada en competencias _913564 |
|
| 905 | _aLibro | ||
| 999 |
_c167786 _d167786 |
||